Reprezentacje EURO 2024 - Statystyki

Ogólne statystyki
  • Ten quiz został rozwiązany 69 razy
  • Średni wynik to 20 z 24
Statystyki odpowiedzi
Grupa Reprezentacja % Poprawnych
B Hiszpania
98%
A Niemcy
98%
D Francja
97%
D Polska
97%
F Portugalia
95%
D Holandia
94%
C Anglia
92%
D Austria
92%
B Włochy
89%
F Czechy
85%
A Węgry
85%
E Belgia
84%
B Chorwacja
84%
A Szkocja
82%
E Słowacja
81%
A Szwajcaria
81%
E Rumunia
77%
E Rumunia
77%
C Słowenia
77%
F Turcja
77%
C Dania
74%
F Gruzja
74%
B Albania
71%
C Serbia
71%
Nie znaleziono quizów pasujących do podanych kryteriów
Rozkład punktacji
Procent ludzi z każdym wynikiem
Percentyl według liczby udzielonych odpowiedzi
Twoja historia wyników
Nie rozwiązałeś tego quizu